芜湖市地图 Wuhu Map Quiz - Statistics

General Stats
  • This quiz has been taken 32 times
  • The average score is 6 of 7
Answers on the Map
Answers color-coded by a green-red scale on the quiz's map according to % correct below.
 
Answer Stats
Answer % Correct
无为市
100%
湾沚区
90%
繁昌区
90%
镜湖区
87%
鸠江区
84%
弋江区
84%
南陵县
84%
No matching quizzes found
Score Distribution
Percent of People with Each Score
Percentile by Number Answered
Your Score History
You have not taken this quiz